Statistical mechanics of turbulent flows
Αποθηκεύτηκε σε:
| Κύριος συγγραφέας: | |
|---|---|
| Μορφή: | Βιβλίο |
| Γλώσσα: | English |
| Δημοσίευση: |
Berlin ; New York :
Springer,
c2003
|
| Θέματα: | |
| Ετικέτες: |
Προσθήκη ετικέτας
Δεν υπάρχουν, Καταχωρήστε ετικέτα πρώτοι!
|
MARC
| LEADER | 00000nam a2200000 i 4500 | ||
|---|---|---|---|
| 001 | 1/60840 | ||
| 008 | 071030s2003 eng d | ||
| 020 | |a 3-540-40103-2 | ||
| 035 | |l 10091910 | ||
| 040 | |a GR-MY-UA |b gre |e aacr | ||
| 041 | 0 | |a eng | |
| 082 | 0 | |a 532.0527 |2 (22) | |
| 100 | 1 | |a Heinz, Stefan |d 1958- | |
| 245 | 1 | 0 | |a Statistical mechanics of turbulent flows / |c Stefan Heinz |
| 260 | |a Berlin ; New York : |b Springer, |c c2003 | ||
| 300 | |a xxiii, 214 σ.; |b εικ.; |c 24 εκ. | ||
| 504 | |a Περιλαμβάνει βιβλιογραφικές παραπομπές (σ. [189]-199) και ευρετήρια. | ||
| 650 | 0 | 0 | |a Turbulence. |
| 650 | 0 | 0 | |a Statistical mechanics. |
| 852 | |a INST |b SAMOS |e 20071030 |h 532.0527 ΗΕΙ |p 005300027977 |q 005300027977 |t BK |y 0 | ||
| 901 | |a BIBL3-2007-3 | ||
| 909 | |a Σ |b 139227 | ||
| 922 | |a 3ΕΛΗ |b 200709 |c ΕΠΕΑΕΚ2/ΤΜΗΜΑ ΜΑΘΗΜΑΤΙΚΩΝ |d ΠΑΠΑΣΩΤΗΡΙΟΥ | ||
| 970 | |a ΣΙΤΖΙΜΗ |b ΓΙΑΣΕΜΗ |z 2007/10/30 | ||